000 00313nam a22001337a 4500
008 170619b xxu||||| |||| 00| 0 eng d
020 _a083863608-X
041 _aeng
080 _a338
100 _a20
101 _aSHP
245 _aTHE POLITICAL ECONOMY OF REGIONAL COOPERATION
_cAXLINE,W.A
942 _2udc
_cBK
999 _c18150
_d18150